[Event "Copenhagen KS"]
[Site "Copenhagen"]
[Date "1996.??.??"]
[Round "8"]
[White "Schandorff, Lars"]
[Black "Hector, Jonny"]
[Result "1-0"]
[WhiteElo "2495"]
[BlackElo "2525"]
[Annotator "Lutz,C"]
[PlyCount "125"]
[EventDate "1996.07.05"]
[EventType "tourn"]
[EventRounds "9"]
[EventCountry "DEN"]
[EventCategory "10"]
[SourceTitle "CBM 055"]
[Source "ChessBase"]
[SourceDate "1996.12.01"]
[SourceVersion "1"]
[SourceVersionDate "1996.12.01"]
[SourceQuality "1"]

1. d4 {Hecht Baburin} d5 2. c4 c6 3. Nc3 Nf6 4. e3 e6 5. Nf3 Nbd7 6. Bd3 dxc4
7. Bxc4 b5 8. Bd3 a6 9. e4 c5 10. d5 c4 11. dxe6 fxe6 12. Bc2 Qc7 13. O-O Bc5 (
13... Bb7) 14. Qe2 (14. e5) 14... Ne5 15. Nxe5 (15. Bf4) 15... Qxe5 16. Kh1 (
16. Be3) 16... Bb7 $6 (16... O-O 17. f4 Qh5 18. Qxh5 Nxh5 19. e5 g5 20. Ne4 Be7
21. f5 exf5 22. Bxg5 Rf7 23. Bxe7 Rxe7 24. Nd6 $10 {Lugovoi,A-Korneev,O/
Novgorod op (03) ;EXP 49 1995}) 17. f4 Qh5 18. Qxh5+ Nxh5 19. e5 O-O-O 20. Be4
g6 21. Bxb7+ Kxb7 22. Ne4 $14 {[%csl Rc5,Rd6,Rf6,Rh5] Die schwarze Stellung
wirkt aufgrund ihrer zahlreichen Schwächen anrüchig.} Be7 (22... Rd5 $6 23. Bd2
Be7 24. a3 $1 {Weiß gelangt zum Abtausch des schwarzen Verteidigungsläufer.}
Rd4 25. Rfe1 Rhd8 26. Bb4 $1 Bxb4 27. axb4 Nxf4 28. Nc5+ Kc8 29. Rf1 $16 Nd3
30. Nxe6 Nxb4 31. Nxd4 Rxd4 32. Rf7 $18 {Ernst,T-Svensson,B/Gausdal TM (05) ;
TD 91\06 1991}) 23. Be3 (23. Bd2 Rd4 24. Rfe1 Rhd8 25. Bc3 R4d7 $5 {/\ ...Nf4,
/\ ...b4}) 23... Rd5 24. g4 Ng7 25. Kg2 {[#] Baburin: Black has some problems
with the knight on g7. However, unlike some games which we have examined, here
Black hopes to activate the knight after an eventual Ng7-e8-c7.} Rc8 26. a3 Rd3
27. Bd2 {/\ Bb4 White plans to trade the bishops off after Bd2-b4, which will
give his knight control over many dark squares (e. g. c5 & d6).} Nf5 $5 {
Baburin: This interesting tactical attempt does not quite work.} 28. gxf5 gxf5
29. Bb4 Bxb4 30. Nf2 Rb3 31. axb4 Rxb2 (31... Rg8+ $5) 32. Rfb1 Rxb1 33. Rxb1 {
[#] Hecht: schwieriges Endspiel mit 1-2 Bauern für einen S; Schwarz spielt
offenbar auf Sieg, läßt aber im 42.Zug ein Remsis aus. Analysen erforderlich.}
a5 34. bxa5 Ka6 35. Ra1 b4 36. Kf3 b3 37. Ke3 Rd8 38. Nd1 Rd3+ 39. Ke2 Rh3 40.
Kd2 h5 41. Rc1 Rxh2+ 42. Kc3 {[#]} h4 (42... Rc2+ {Hecht} 43. Rxc2 bxc2 44.
Kxc2 Kxa5 45. Kc3 (45. Ne3 h4 46. Nxf5 exf5 47. e6 h3 $10) 45... Kb5 46. Nf2 h4
$10) 43. Kb4 Rc2 44. Rb1 h3 45. Ne3 Rf2 46. Nxc4 h2 47. Rh1 b2 48. Kc3 Rxf4 49.
Nxb2 Rh4 50. Nc4 Kb5 51. Nd2 Kxa5 52. Kd3 Rh3+ 53. Ke2 Kb4 54. Nf3 Kc5 55. Ke3
Rh8 56. Rxh2 Rg8 57. Rc2+ Kd5 58. Rd2+ Kc5 59. Rc2+ Kd5 60. Rd2+ Kc5 61. Rd6
Rg6 62. Nd4 Rg3+ 63. Kf2 1-0

[Event "Politiken Cup 18th"]
[Site "Copenhagen"]
[Date "1996.??.??"]
[Round "3"]
[White "Krasenkow, Michal"]
[Black "Schandorff, Lars"]
[Result "1/2-1/2"]
[WhiteElo "2610"]
[BlackElo "2485"]
[Annotator "Lutz,C"]
[PlyCount "129"]
[EventDate "1996.06.??"]
[EventType "swiss"]
[EventRounds "11"]
[EventCountry "DEN"]
[SourceTitle "CBM 054"]
[Source "ChessBase"]
[SourceDate "1996.10.01"]
[SourceVersion "1"]
[SourceVersionDate "1996.10.01"]
[SourceQuality "1"]

1. d4 {Chekhov Lautier} d5 2. c4 c6 3. Nc3 Nf6 4. e3 e6 5. Nf3 Nbd7 6. Bd3 dxc4
7. Bxc4 b5 8. Bd3 Bb7 9. O-O a6 10. e4 c5 11. d5 c4 12. Bc2 Qc7 13. dxe6 fxe6
14. Nd4 (14. Qe2 $5 {Chekhov}) 14... Nc5 15. Be3 (15. Qe2 $5 {Chekhov} e5 16.
Nf5 (16. Nd5 Nxd5 17. exd5 Bxd5 18. Bf4 Bd6 19. Nf5 O-O-O 20. Nxd6+ Qxd6 21.
Bxe5 Qc6 22. Rfd1 $36 {Kozul,Z-Zheliandinov,V/Ljubljana/1995/0,5/46/}) 16...
Ne6 17. Rd1 Nd4 18. Nxd4 exd4 19. Rxd4 Bc5 20. Nd5 Bxd5 21. exd5+ Qe7 22. Rd2
Rd8 23. Qxe7+ Bxe7 24. a4 Nxd5 25. axb5 axb5 26. Be4 Nb4 27. Rxd8+ Bxd8 28. Bd2
$16 {Kozul,Z-Polajzer,D/Bled/1995/1|0/34/}) 15... O-O-O $6 {Schwarz hat
Probleme in dieser Variante, vermutlich ist 15... e5 besser:} (15... e5 16. Nf5
Ncxe4 17. Nxe4 Nxe4 18. a4 Qc6 19. axb5 axb5 20. Rxa8+ Bxa8 21. Qg4 g6 22. Nh6
Nf6 23. Qg3 Bxh6 24. Bxh6 Kf7 25. f4 exf4 26. Bxf4 Re8 27. Bg5 Re6 28. h3 Kg7
29. Rf2 Qd6 30. Qc3 h6 31. Bh4 b4 32. Qxc4 Re1+ 33. Rf1 Rxf1+ 34. Kxf1 g5 35.
Bf2 Qh2 {1/2-1/2 Lautier,J-Kramnik,V/Monaco rapid (10) ;EXP 52 1996}) (15...
Nfxe4 16. Nxe4 Nxe4 17. Nxe6 $16 {Ftacnik}) 16. Qe2 e5 (16... Bd6 17. f4 e5 18.
Ndxb5 $1 axb5 19. Nxb5 Qb6 20. Nxd6+ Qxd6 21. fxe5 Qxe5 22. Rf5 $18 {Lautier})
17. Nf3 (17. Ndxb5 {Chekhov} axb5 18. Nxb5 Qf7 $17) 17... Ne6 (17... b4 $5 18.
Nd5 (18. Na4 Nxa4 19. Bxa4 Bxe4 $15 {Lautier}) 18... Nxd5 19. exd5 Bxd5 20. Bg5
Re8 21. Rfd1 $36 {Lautier}) (17... Nd3 18. b3 Bb4 19. Nd5 $13 {Lautier}) (17...
Ncxe4 $2 $16 18. Nxe4 Nxe4 (18... Bxe4 $6 19. Bxe4 Nxe4 20. a4 $1 $16 {Lautier}
) 19. a4 $1 $40 Nc5 (19... b4 20. Rac1 Kb8 21. Bxe4 Bxe4 22. Bb6 Qxb6 23. Qxe4
$16 {Lautier}) 20. axb5 axb5 21. b3 $1 $40 {Lautier,J-Gelfand,B/Amsterdam VSB 
(06)/CBM 52 1996}) 18. Nd5 (18. Rfd1 $5 {Chekhov}) 18... Nxd5 19. exd5 Bxd5 20.
a4 b4 21. Rad1 g6 (21... Kb8 {Chekhov} 22. Nxe5 $36) 22. Rxd5 $1 {Als Ersatz
für die Qualität erhält Weiß die Kontrolle über die weißen Felder und Angriff
gegen den König.} Rxd5 23. Be4 Rd8 (23... Nd4 {Chekhov} 24. Bxd4 Rxd4 25. Rc1
$36) 24. Rc1 Kb8 (24... c3 {Chekhov} 25. bxc3 bxc3 26. Qxa6+ Kd7 27. Qb5+ Ke7
28. Nxe5 $16) 25. g3 (25. Rxc4 $2 Qxc4 26. Qxc4 Rd1+ $17) 25... Bc5 (25... Rc8
{Chekhov} 26. Bd5 Qd6 27. Bxc4 $36) (25... Nd4 {Chekhov} 26. Nxd4 exd4 27. Bf4
Bd6 28. Rxc4 Qa5 29. Qd2 $1 $16) 26. Rxc4 Qd6 27. Bxc5 Nxc5 28. Rxc5 $1 (28.
Rxb4+ $5 {Chekhov} Ka7 (28... Kc7 29. Qc4 $36) 29. Qe3 $146) 28... Qxc5 29.
Qxa6 Kc7 (29... Qa7 30. Qb5+ Kc8 31. Nxe5 $22 Rhf8 32. Qc4+ Qc7 33. Qa6+ Kb8
34. Qa8#) 30. Ng5 $16 {Angesichts des offenen schwarzen Königs hat Weiß klaren
Vorteil und läuft keinerlei Verlustgefahr.} Kd7 31. Qe6+ (31. Qb7+ {Chekhov}
Qc7 (31... Kd6 32. Nf7+ Ke6 33. Nxd8+ Rxd8 34. Qxh7 $36) (31... Ke8 32. Qf7#)
32. Bc6+ Kd6 33. Ne4+ $18) 31... Kc7 32. Qa6 (32. Qf7+ {Chekhov} Kb6 33. Qb7+
Ka5 34. Ne6 Qb6 35. Nxd8 Rxd8 $15) 32... Kd7 33. Qb7+ Kd6 34. Nf7+ Ke6 35.
Nxd8+ Rxd8 36. Qxh7 Rf8 37. Qxg6+ Ke7 38. Qg5+ (38. Bf5 $5 Rf6 39. Qg7+ Rf7 40.
Qg5+ Ke8 41. h4 $16) 38... Rf6 39. Qg7+ Rf7 40. Qg5+ Rf6 41. Qd2 (41. Qe3 {
Chekhov} Qxe3 42. fxe3 Rd6 43. h4 Rd2 44. b3 Re2 45. Bd5 Kd6 46. Bc4 Rxe3 47.
Kf2 Rc3 48. a5 e4 49. h5 Ke5 $132) 41... Rd6 42. Qe2 Qc1+ 43. Kg2 Rd2 44. Qh5 (
44. Qe3 $5 {Chekhov} Qxb2 45. a5 Rd6 46. Bb7 Qd4 47. a6 Qxe3 48. fxe3 b3 49. a7
b2 50. a8=Q b1=Q $15) 44... Qxb2 45. Qg5+ Ke6 46. Qf5+ Ke7 47. Qg5+ Ke6 48.
Qf5+ Ke7 49. h4 (49. a5 Rd6 $132) (49. Qg5+ $10 {Chekhov}) 49... Qd4 50. a5 (
50. h5 {Chekhov} b3 51. h6 b2 $22 52. h7 Rxf2+ 53. Qxf2 Qxe4+ 54. Kh2 Qxh7+ $19
) 50... b3 51. a6 b2 52. Qh7+ (52. a7 $2 Rxf2+ 53. Qxf2 Qxe4+ 54. Qf3 Qxf3+ 55.
Kxf3 b1=Q 56. a8=Q Qh1+ $19) 52... Kd6 53. a7 b1=Q 54. Bxb1 (54. Qh6+ Kc5 (
54... Ke7 55. Qg5+) 55. Qf8+ Kb5 56. Bxb1 Qxa7 57. Be4 $16) (54. Qg6+ {Chekhov}
Kc5 55. Qc6+ Kb4 56. Qb7+ Kc3 57. Qxb1 Rxf2+ 58. Kh3 Qxa7 $13) 54... Qxf2+ 55.
Kh3 Qg2+ 56. Kg4 Rd4+ 57. Kh5 Qf3+ 58. Kh6 Qxg3 59. h5 (59. Qg6+ {Chekhov}
Qxg6+ 60. Kxg6 Ra4 61. h5 Rxa7 62. h6 $10) 59... Qe3+ 60. Kg7 Qg5+ (60... Rg4+
{Chekhov} 61. Kf8 (61. Kh8 Qf4 (61... e4 62. Qf7 Qh6+ $19) 62. Bg6 Qf8+ 63. Qg8
Qxg8+ 64. Kxg8 Ra4 65. h6 $10) (61. Bg6 Qxa7+ 62. Kf6 Qf2+ $17) 61... Qf4+ (
61... Qf3+ $1 62. Qf5 Qa8+ $19) 62. Ke8 (62. Qf5 Qxf5+ 63. Bxf5 Ra4 64. h6 Rxa7
65. h7 Rxh7 $10) 62... Qa4+ 63. Kf8 Rf4+ 64. Kg8 Qb3+ $19) 61. Qg6+ Qxg6+ 62.
hxg6 Ra4 $10 63. Be4 Rxa7+ 64. Kf6 Rc7 65. g7 1/2-1/2

[Event "Politiken Cup 18th"]
[Site "Copenhagen"]
[Date "1996.??.??"]
[Round "2"]
[White "Ostergaard, Jens"]
[Black "Gausel, Einar"]
[Result "1/2-1/2"]
[WhiteElo "2300"]
[BlackElo "2515"]
[Annotator "Lutz,C"]
[PlyCount "94"]
[EventDate "1996.06.??"]
[EventType "swiss"]
[EventRounds "11"]
[EventCountry "DEN"]
[SourceTitle "CBM 054"]
[Source "ChessBase"]
[SourceDate "1996.10.01"]
[SourceVersion "1"]
[SourceVersionDate "1996.10.01"]
[SourceQuality "1"]

1. d4 {Chekhov} Nf6 2. c4 e6 3. Nf3 d5 4. Nc3 c6 5. e3 Nbd7 6. Bd3 dxc4 7. Bxc4
b5 8. Bd3 a6 9. e4 c5 10. d5 c4 11. dxe6 fxe6 12. Bc2 Qc7 13. O-O Bd6 $6 {
Diese Variante genießt einen eher zweifelhaften Ruf.} (13... Bb7 $142) (13...
Bb7 $5 {Chekhov}) 14. Nd4 Nb6 15. Kh1 (15. f4 {Chekhov} e5 16. Nf3 Bg4 17. h3
O-O-O 18. Kh1 Bxf3 19. Qxf3 exf4 20. a4 b4 21. a5 Nbd7 22. Nd5 Nxd5 23. exd5
Ne5 24. Qe2 g5 $17 {Farago,I-Radulov,I/ROM/1982/0,5/39/}) 15... Bd7 (15... Bf4
$5 {Chekhov} 16. a4 Bxc1 17. Rxc1 O-O 18. a5 Rd8 $132 {Furman,S-Kupreichik,V/
URS/1976/0,5/41/}) 16. f4 e5 17. Nf3 Bg4 18. a4 b4 (18... exf4 19. axb5 a5 20.
Qe1 Bxf3 21. Rxf3 O-O 22. Qh4 Nbd7 23. Bxf4 Bxf4 24. Rxf4 $16 {Furman,
S-Bronstein,D/URS-ch43 Erevan ;URS-ch 1975}) (18... Bxf3 19. Qxf3 b4 20. fxe5
Bxe5 21. a5 Nbd7 22. Nd5 Qd6 23. Nxf6+ Nxf6 24. Ba4+ Ke7 25. Bg5 $16 {Kozul,
Z-Kosic,D/JUG-ch ;CBM 17 1990}) 19. a5 Bxf3 20. Rxf3 Nbd7 21. Nd5 Nxd5 22. Qxd5
O-O-O 23. Be3 exf4 24. Bb6 (24. Qa8+ {Chekhov} Nb8 (24... Qb8 25. Qxa6+ Qb7 26.
Qxc4+ $18) 25. Bb6 Qb7 $6 (25... Qc6 $1 26. Qxc6+ Nxc6 27. Bxd8 (27. Ba4 Ne5
28. Rxf4 Rdf8 $132) 27... Rxd8 $15) 26. Qxb7+ Kxb7 27. Bxd8 Rxd8 28. Rd1 Nc6 (
28... b3 29. Bxb3 cxb3 30. Rxb3+ Kc7 31. Rc3+ Kb7 32. Rcd3 Kc7 $13) 29. Ba4
Nxa5 30. e5 Be7 31. Rxd8 Bxd8 32. Rxf4 $16) 24... Nxb6 25. axb6 Qxb6 26. Qxc4+
{Auch hier liegt die Initiative klar bei Weiß. Fazit: 13...Bd6?! bleibt
zweifelhaft.} Qc5 (26... Kb7 {Chekhov} 27. e5 $36) 27. Qxa6+ Kc7 28. Ra5 $5 Qc6
(28... Qxc2 29. Rc3+ $1 bxc3 30. Qc4+ Kd7 (30... Kb7 31. Qb5+ Kc7 32. Ra7+ $18)
31. Ra7+ Ke8 32. Qf7#) (28... Qb6 {Chekhov} 29. Qc4+ Kd7 30. Qf7+ $18) 29. Qa7+
Qb7 30. Qd4 Kb8 31. Rd5 Bc7 32. Qxg7 (32. Bb3 $5 $36 {Chekhov}) 32... Rxd5 33.
Qxh8+ Rd8 34. Qxh7 Qa6 35. h3 (35. h4 {Chekhov} Qa1+ 36. Kh2 Qxb2 37. Bb3 Qf6
$22 38. h5 Rh8) 35... Qa1+ 36. Kh2 Qxb2 37. Bb3 Qd4 38. Bd5 Qf6 39. Qf7 Qxf7
40. Bxf7 Be5 41. Bd5 Kc7 42. h4 Rd7 43. Kh3 Rg7 44. Bb3 (44. h5 {Chekhov} Kd6
$44) 44... Kd6 45. Rd3+ Ke7 46. Rf3 Rg6 47. Bd5 Rg7 1/2-1/2

[Event "American Continental 2nd"]
[Site "Buenos Aires"]
[Date "2003.08.28"]
[Round "10"]
[White "Gurevich, Dmitry"]
[Black "Kaidanov, Gregory S"]
[Result "1/2-1/2"]
[WhiteElo "2502"]
[BlackElo "2638"]
[Annotator "Lutz,C"]
[PlyCount "109"]
[EventDate "2003.08.17"]
[EventType "swiss"]
[EventRounds "11"]
[EventCountry "ARG"]
[SourceTitle "CBM 097"]
[Source "ChessBase"]
[SourceDate "2003.11.11"]
[SourceVersion "1"]
[SourceVersionDate "2003.11.11"]
[SourceQuality "1"]

1. c4 e6 2. Nf3 d5 3. d4 Nf6 4. Nc3 c6 5. e3 Nbd7 6. Bd3 dxc4 7. Bxc4 b5 8. Bd3
Bb7 9. O-O a6 10. e4 c5 11. d5 Qc7 12. dxe6 fxe6 13. Bc2 Be7 14. Ng5 Qc6 $5 {
Dieser schwarze Aufbau war eine Weile populär, wurde dann jedoch nicht mehr
gespielt.} 15. Qf3 {Dieser Zug erlaubt ein Qualitätsopfer, dessen Folgen
akzeptabel für Schwarz sind. Kritisch ist jedoch 15.f4.} (15. f4 $1 h6 16. Nf3
O-O-O 17. Qe2 b4 (17... Kb8 $5 {Dreev}) 18. Nd1 {1/2-1/2 Klimov,S-Yevseev,D/St
Petersburg 2003/CBM 95/[Lutz] (44)}) 15... h6 16. Qh3 hxg5 $1 17. Qxh8+ Kf7 18.
Qh3 g4 19. Qh4 (19. Qe3 $5 Ne5 20. Ne2 Nc4 21. Qg3 Nxe4 22. Qxg4 Rh8 23. Nf4
$40 {1-0 Shabalov,A-Miller,D/Virginia Beach 2002/CBM 86 ext (38)}) (19. Qg3 {
Shipov} Bd6 20. Bf4 Nh5 $19) 19... Ne5 20. f4 (20. Rd1 Bd6 21. Be3 $6 Bc7 $1
$15 {0-1 Hansen,L-Illescas Cordoba,M/Moscow 1994/CBM 45/[Shipov] (45)}) 20...
gxf3 21. gxf3 c4 (21... Ng6 22. Qg5 Rh8 23. e5 Nh4 24. Be4 Nd5 25. Qg4 b4 26.
Ne2 Qc7 27. Qg3 Rh5 28. Bf4 Nf5 29. Qe1 c4 30. Kh1 Bh4 31. Qd2 Qe7 32. Rg1 g5
33. Bg3 Nxg3+ 34. Nxg3 Rh8 35. Nf5 exf5 36. Bxd5+ Kg6 37. Bxb7 Qxb7 38. Qd6+
Kh5 39. Raf1 g4 40. Qe6 Rf8 41. Rxg4 Bg5 42. Rg3 {1-0 Lautier,J-Dreev,A/
Linares 1995/CBM 46 (42)}) 22. Be3 g5 $146 (22... Ng6 23. Qe1 Rh8 24. Rd1 Bd6
25. Rd2 Qc7 26. Rxd6 Qxd6 27. Qd2 Qe5 28. Rf2 Rh3 $40 {0-1 Karpov,A-Kramnik,V/
Monte Carlo 1994/CBM 40 ext (40)}) 23. Qg3 Bd6 {Als Kompensation für die
Qualität sind alle schwarzen Figuren auf den weißen König gerichtet.} 24. Bxg5
Rg8 25. Kh1 b4 26. Ne2 (26. Nd1 $5) 26... Qc5 27. h4 Nd3 28. Qg1 Qe5 29. Qg2
Nh5 $6 (29... Nh7 $5 30. f4 Qxe4 31. Qxe4 Bxe4+ 32. Kg1 Rh8 $5 $36) 30. b3 Qb2
31. Bxd3 cxd3 32. Nf4 Qxg2+ 33. Nxg2 Ng3+ 34. Kg1 Nxf1 35. Kxf1 {Der
Pulverdampf hat sich verzogen und Weiß hat ein Endspiel mit Mehrbauern
erreicht.} a5 36. Rd1 Ba6 37. Kf2 Bc5+ 38. Ke1 Be7 39. Nf4 $6 (39. f4 $5) 39...
Bxg5 40. hxg5 Rxg5 $11 41. Kf2 Rc5 42. Ke3 Rc3 (42... e5 $5 {/\} 43. Nxd3 Rc3)
43. Rd2 a4 44. bxa4 Ra3 45. Kd4 Rxa4 46. Kc5 Kf6 47. Nxd3 Bxd3 48. Rxd3 Rxa2
49. Kxb4 Ke5 50. Kc3 Kf4 51. Kd4 Rf2 52. Kc5 Rxf3 53. Rxf3+ Kxf3 54. Kd6 Kxe4
55. Kxe6 1/2-1/2

[Event "RUS-ch 56th"]
[Site "Krasnoyarsk"]
[Date "2003.09.10"]
[Round "7"]
[White "Lastin, Alexander"]
[Black "Ivanov, Sergey"]
[Result "0-1"]
[WhiteElo "2634"]
[BlackElo "2556"]
[Annotator "Lutz,C"]
[PlyCount "79"]
[EventDate "2003.09.03"]
[EventType "swiss"]
[EventRounds "9"]
[EventCountry "RUS"]
[SourceTitle "CBM 098"]
[Source "ChessBase"]
[SourceDate "2004.02.03"]
[SourceVersion "1"]
[SourceVersionDate "2004.02.03"]
[SourceQuality "1"]

1. d4 d5 2. c4 c6 3. Nc3 Nf6 4. e3 e6 5. Nf3 Nbd7 6. Bd3 dxc4 7. Bxc4 b5 8. Bd3
a6 9. e4 c5 10. d5 Qc7 11. O-O Bb7 12. dxe6 fxe6 13. Bc2 Bd6 14. Ng5 Nf8 15. f4
h6 $5 {In Anbetracht der schwarzen Probleme nach 15...0-0-0 stellt dieser Zug
eine interessante Verbesserungsmöglichkeit für Schwarz dar. Es sind erst zwei
Vorgängerpartien zu diesem Zug bekannt.} (15... O-O-O 16. Qe1 $1 e5 17. Nd5 $1
Bxd5 18. exd5 exf4 19. a4 $1 $40 {1-0 Shirov,A-Dreev,A/Sarajevo 2002/CBM 90/
[Lutz] (39)}) 16. e5 O-O-O 17. exd6 $6 {Dieser Zug fühlt sich falsch an, da
die h-Linie für den Rh8 geöffnet wird. Besser ist 17.Nf7!?.} (17. Nf7 $5 {
und in Piket,J/Khenkin,I/FRA-chT wurde hier bereits ein Remis vereinbart.
Dennoch erscheint mir dieser Zug kritisch für die Bewertung von 15..h6, da der
Rh8 nicht ins Spiel kommt, z.B.} Qxf7 18. exd6 Qd7 19. Be3 Qc6 (19... Qxd6 20.
Qxd6 Rxd6 21. Bxc5 $14 {ist einfach besser für Weiß.}) 20. Qe2 Rxd6 {, und
obwohl Schwarz einen Bauern gewonnen hat, ist er nicht aller Sorgen ledig, da
sein König gefährdet steht. Diese Variante benötigt zu einer genaueren
Einschätzung weitere Tests.}) 17... Rxd6 18. Qe2 hxg5 19. a4 (19. fxg5 Rd4 20.
h3 (20. g3 $2 Qc6) 20... Rxh3 $1 21. Bf4 Rxf4 22. gxh3 Rxf1+ 23. Kxf1 Qf4+ $40)
19... b4 20. Ne4 Rd5 21. h3 $146 (21. Nxf6 gxf6 22. Be4 Rd4 23. Bxb7+ Kxb7 24.
Qf3+ Rd5 25. h3 gxf4 26. Bxf4 Qc6 27. Rae1 Rg8 28. Bh6 Nd7 29. Re2 Rd6 30. Qh5
e5 31. Qf7 Qd5 32. Rxf6 Qd1+ 33. Rf1 Qxe2 34. Qxg8 Rxh6 35. Qd5+ Kc7 36. Rd1
Rh7 37. Qd6+ Kb7 38. Qd5+ Ka7 39. Qd6 Qe3+ 40. Kh1 Nb8 41. Rd3 Qc1+ 42. Rd1
Qxb2 43. Qxc5+ Ka8 44. Rd8 Rb7 45. Qc6 Qe2 46. Qe8 Qf1+ 47. Kh2 Qf4+ 48. Kh1
Qc1+ 49. Kh2 Qc7 50. Rc8 Qd6 51. Rd8 Qb6 {0-1 Kruppa,Y-Dreev,A/Chalkidiki 2002/
CBM 92 (51)}) 21... gxf4 22. Bxf4 e5 23. Be3 Ne6 24. Nxf6 gxf6 25. Be4 (25.
Rxf6 $5) 25... Rd6 26. Bxb7+ Kxb7 27. Qf3+ Qc6 28. Qxc6+ Kxc6 29. Rxf6 Nd4 {
Schwarz hat Vorteil, da seine Bauern dank der Unterstützung durch den König
gefährlicher sind.} 30. Rf2 (30. Raf1 $5) 30... c4 31. Re1 Kd5 $17 32. Kh2 c3
33. bxc3 bxc3 34. g4 Rb6 35. g5 Rb2 36. Rc1 Rxf2+ 37. Bxf2 Kc4 38. Kg2 Ne2 39.
Re1 c2 40. Be3 0-1

[Event "Presidents Cup "]
[Site "Elista"]
[Date "1998.05.07"]
[Round "1.1"]
[White "Tukmakov, Vladimir B"]
[Black "Bareev, Evgeny"]
[Result "0-1"]
[WhiteElo "2610"]
[BlackElo "2675"]
[Annotator "Lutz,C"]
[PlyCount "88"]
[EventDate "1998.05.07"]
[EventType "k.o."]
[EventRounds "6"]
[EventCountry "RUS"]
[SourceTitle "CBM 065"]
[Source "ChessBase"]
[SourceDate "1998.08.06"]
[SourceVersion "1"]
[SourceVersionDate "1998.08.06"]
[SourceQuality "1"]

1. d4 d5 2. c4 c6 3. Nf3 Nf6 4. Nc3 e6 5. e3 Nbd7 6. Bd3 dxc4 7. Bxc4 b5 8. Bd3
a6 9. e4 c5 10. d5 c4 11. dxe6 fxe6 12. Bc2 Qc7 13. O-O Bc5 14. Qe2 Ne5 15.
Nxe5 Qxe5 16. Be3 (16. Kh1 {ist der kritische Zug.}) 16... Bxe3 17. Qxe3 Ng4
18. Qh3 h5 $5 {Eine interessante strategische Konzeption, die in einigen
Partien von Hector vorkam. Die weiße Dame ist an die Verteidigung des Ph2
gebunden, andererseits kann Schwarz erst einmal nicht rochieren.} 19. Bd1 (19.
b3 O-O 20. Rad1 Ra7 21. bxc4 Raf7 22. Qg3 Qxg3 23. hxg3 Nxf2 24. Rde1 bxc4 25.
Bd1 Nxd1 26. Rxd1 Rxf1+ 27. Rxf1 Rxf1+ 28. Kxf1 Kf7 29. Ke2 Kf6 30. Ke3 Ke5 31.
Nb1 Bb7 32. Nd2 c3 33. Nc4+ Kf6 {0-1 Lima,D-Vera,R/Capablanca mem-A 1994/CBM 43
}) 19... g5 {Konsequent.} (19... Nf6 $6 20. Qe3 Ng4 21. Bxg4 hxg4 22. Qg3 Qxg3
23. fxg3 g5 24. Rf6 Ra7 25. e5 Rah7 26. Ne4 Rxh2 27. Nd6+ Kd7 28. Kf2 Rh1 29.
Rxh1 Rxh1 30. Rf7+ Kc6 31. Nxc8 Rb1 32. Ke3 Rxb2 33. Ne7+ Kc5 34. Rf6 Rxa2 35.
Rxe6 b4 36. Rc6+ Kb5 37. Rc8 Rxg2 38. Nf5 Rg1 39. Nd4+ Kb6 40. e6 Re1+ 41. Ne2
{1-0 Van der Sterren,P-Hector,J/Antwerpen op 1994/EXT 97}) 20. Rc1 (20. Bxg4
hxg4 21. Qg3 Qxg3 22. fxg3 Ra7 23. e5 Rah7 24. Ne4 Rxh2 25. Nd6+ Kd7 26. Rf7+
Kc6 27. Kf2 Bd7 28. a4 R8h7 29. axb5+ axb5 30. Rf8 Kc5 31. Ne4+ Kd4 32. Nxg5
Rxg2+ 33. Kxg2 Bc6+ 34. Kf2 Rh2+ 35. Ke1 Rxb2 36. Rf4+ Kd3 37. Rd1+ Ke3 38. Rc1
Re2+ 39. Kd1 Rd2+ 40. Ke1 Re2+ 41. Kd1 {1/2-1/2 Collas,D-Hector,J/Geneve op
1995/EXP 46}) 20... Ra7 21. b3 Rf7 (21... cxb3 $2 22. Nxb5 $18) 22. Bf3 $2 {
Nun gerät Weiß in eine schlechte Stellung, da sein Damenflügel anfällig ist.} (
22. bxc4 {war besser :} Rxf2 (22... bxc4 23. Bf3 {Im Vergleich zur Partie hat
Schwarz nun einen schwachen Bauern auf c4.}) (22... b4 23. Ba4+ {/\ Nd1}) (
22... Nxf2 $5 {Möglicherweise hat Weiß Angst hiervor.} 23. Qe3 {ist besser.} (
23. Rxf2 $6 {ist zweifelhaft.} Rxf2 24. Bxh5+ (24. Kxf2 Qf4+ $17) 24... Ke7 25.
Kxf2 Qf4+ 26. Qf3 Qxc1 27. Qf7+ Kd6 28. e5+ {Die Stellung ist ziemlich
verworren, aber Schwarz scheint besser zu stehen.} Kc5 29. Qe7+ Kb6 (29... Kxc4
$2 30. Qc7+) 30. c5+ Ka5 31. Ne2 Qc4) 23... Nxd1 24. Rfxd1 $13) 23. Rxf2 Nxf2
24. Bxh5+ Ke7 25. Qe3 (25. Kxf2 {- 22...Nf2}) 25... Qxh2+ (25... Rxh5 26. Kxf2
$13) 26. Kxf2 $13) 22... cxb3 23. axb3 Bb7 24. b4 Nf6 25. Be2 O-O 26. Qe3 (26.
Bxh5 $2 Rh7 $19) 26... Ng4 $1 (26... Nxe4 $2 27. f3 $18) 27. Bxg4 hxg4 $17 {
Schwarz hat nun starken Druck entlang der f- und h-Linie. Außerdem ist der Bb7
stärker als der Nc3.} 28. Ne2 {Weiß gibt den Pe4, aber er steht bereits
schlecht.} (28. Qg3 Qxg3 29. hxg3 Rc8 $17 {/\ ...Rc4, /\ ...Rfc7}) (28. Rfd1
Rh7 29. g3 Rc7 {/\ ...Rc4, /\ ...Rf3}) (28. f3 Rh7 29. g3 gxf3 30. Rxf3 Rxf3
31. Qxf3 Qd4+ {/\ ...Qd2}) 28... Qxe4 29. Qxe4 (29. Qxg5+ $2 Rg7 $19) 29...
Bxe4 30. Nd4 Bd5 31. Nc6 Rf4 32. Ne7+ Kg7 33. Nxd5 exd5 34. Rfd1 R8f5 35. Rc6
Rf6 36. Rc7+ Kg6 37. Rxd5 Rxb4 38. h3 gxh3 39. Rcc5 Rg4 40. g3 b4 41. Kh2 b3
42. Kxh3 b2 43. Rd1 Rb4 44. Rb1 Rxf2 0-1